01148cam a2200325 a 450000100090000000300090000900500170001800800410003502000150007602000190009104000380011004100130014808200210016110000340018224500650021626400470028130000230032833600260035133700280037733800270040554600500043265000450048265100100052765300220053765500240055970000490058394200120063299900170064495201610066116284096EG-ScBUE20220227095343.0100615s2011 mau f 000 f eng d a1566568323 a9781566568326  aDLCbengerdacDLCdDLCdEG-ScBUE1 aenghara04a892.736222bASH1 aAshur, Radwa,eauthor.92408810aSpecters /cby Radwa Ashour ; translated by Barbara Romaine. 1aNorthampton, MA :bInterlink Books,c2011. a282 pages ;c21 cm 2rdacontentatextbtxt 2rdamediaaunmediatedbn 2rdacarrieravolumebnc aText in English ; translated from the Arabic. 7924087aWomen authorsvFiction. 2BUEsh 2BUEsh cMay2011bHHUUEENN vReading book9342321 aRomaine, Barbara,d1959-etranslator.924089 2ddccBB c15388d15388 00102ddc40708BaccahaMAINbMAINc2NDd2011-05-25epurchaseg150.00h12344l2m1o892.736 ASHp000023715r2025-07-15 00:00:00s2024-05-22w2011-05-25yBB